Statistics for NBA Players from Kansas

Click here to take the quiz!

General Stats

  • This quiz has been taken 6 times
  • The average score is 43 of 75

Answer Stats

Position Player Draft Year % Correct
PFThomas Robinson2012
100%
FDanny Manning1988
100%
CWilt Chamberlain1959
100%
GMario Chalmers2008
100%
CJoel Embiid2014
100%
FAndrew Wiggins2014
100%
PFMarkieff Morris2011
80%
CSasha Kaun2008
80%
FDarnell Jackson2008
80%
PFDarrell Arthur2008
80%
CCole Aldrich2010
80%
SFPaul Pierce1998
80%
FMarcus Morris2011
80%
GTyshawn Taylor2012
80%
FJulian Wright2007
80%
GKeith Langford2005
80%
CRoger Brown1971
80%
GAdonis Jordan1993
80%
FCNick Collison2003
80%
GFrank Mason III2017
80%
SFJosh Jackson2017
80%
GKirk Hinrich2003
80%
FCClyde Lovellette1952
80%
GAaron Miles2005
60%
FCDrew Gooden2002
60%
FWayne Simien2005
60%
PGDevonte' Graham2018
60%
PGSherron Collins2010
60%
SGBen McLemore2013
60%
PFCliff Alexander2015
60%
FAndrew White2017
60%
SGMalik Newman2018
60%
SFSvi Mykhailiuk2018
60%
GRyan Robertson1999
60%
FRaef LaFrentz1998
60%
GBilly Thomas1998
60%
FCScot Pollard1997
60%
SFDave Magley1982
60%
CPaul Mokeski1979
60%
GFBud Stallworth1972
60%
FCDave Robisch1971
60%
GJo Jo White1969
60%
GDarnell Valentine1981
60%
CGreg Ostertag1995
60%
PFMark Randall1991
60%
FCBen Davis1996
60%
GJacque Vaughn1997
60%
PFCheick Diallo2016
40%
CWalt Wesley1966
40%
SGMaury King1957
40%
SFKelly Oubre, Jr.2015
40%
PFTarik Black2014
40%
CJeff Withey2013
40%
FCCharlie Black1948
40%
SGWayne Selden, Jr.2016
40%
GJosh Selby2011
40%
GXavier Henry2010
40%
CGreg Dreiling1986
40%
FDarrin Hancock1994
40%
GRex Walters1993
40%
FRicky Calloway1990
40%
GKevin Pritchard1990
40%
SGBrandon Rush2008
40%
GCedric Hunter1987
40%
GCarl Henry1984
40%
FBrian Martin1984
40%
GFOtto Schnellbacher1948
40%
GFJ.R. Giddens2008
20%
PGJohn Douglas1978
20%
PGMarshall Rogers1976
20%
FWayne Hightower1962
20%
FCBill Bridges1961
20%
FNorm Cook1976
20%
FCJack Eskridge1948
20%
FCLeonard Gray1973
0%

Score Distribution

Percentile by Number Answered

Percent of People with Each Score

Your Score History

You have not taken this quiz